| 000 | 00389nam a22001457a 4500 | ||
|---|---|---|---|
| 082 |
_a613.63 _bMAN _cL-32,P-27 |
||
| 245 | _aManual of Army Health vol 2 | ||
| 260 | _aRawalpindi.: | ||
| 300 | _a1085 p. | ||
| 526 |
_a0 _b0 _c0 _d613_630000000000000_MAN |
||
| 526 |
_a0 _b0 _c0 _d613_630000000000000_MAN |
||
| 526 |
_a0 _b0 _c0 _d613_630000000000000_MAN |
||
| 650 |
_aMCE _9379 |
||
| 942 |
_2ddc _cBK |
||
| 999 |
_c544505 _d544505 |
||